Maharaja Ranjit Singh and his times (Record no. 510112)

MARC details
000 -LEADER
fixed length control field 00839nam a2200277Ia 4500
003 - CONTROL NUMBER IDENTIFIER
control field OSt
005 - DATE AND TIME OF LATEST TRANSACTION
control field 20220925185200.0
008 - FIXED-LENGTH DATA ELEMENTS--GENERAL INFORMATION
fixed length control field 220923b |||||||| |||| 00| 0 hin d
037 ## - SOURCE OF ACQUISITION
Terms of availability General Book
040 ## - CATALOGING SOURCE
Original cataloging agency RTL
Transcribing agency RTL
Language of cataloging hin
041 ## - LANGUAGE CODE
Source of code hin
Language code of text/sound track or separate title hin
100 ## - MAIN ENTRY--PERSONAL NAME
Personal name Grewal J S
9 (RLIN) 24775
245 #0 - TITLE STATEMENT
Title Maharaja Ranjit Singh and his times
260 ## - PUBLICATION, DISTRIBUTION, ETC.
Place of publication, distribution, etc. Amritsar
Name of publisher, distributor, etc. Guru Nanak Dev University
Date of publication, distribution, etc. 1980
300 ## - PHYSICAL DESCRIPTION
Extent xv, 264,32p
Dimensions cm.
490 ## - SERIES STATEMENT
Series statement Guru Nanak Dev University, History (Deptt of-), Publication
500 ## - GENERAL NOTE
General note Bibliography chapterwise
650 ## - SUBJECT ADDED ENTRY--TOPICAL TERM
Topical term or geographic name entry element History of Punjab
9 (RLIN) 230383
700 ## - ADDED ENTRY--PERSONAL NAME
Personal name Banga Indu Ed.
942 ## - ADDED ENTRY ELEMENTS (KOHA)
Classification part V243,1y7L80, M0
Koha item type General Books
Source of classification or shelving scheme Colon Classification (CC)

No items available.

Copyright @ Delhi University Library System